Taylor Swift Song Acronyms - Statistics

General Stats
  • This quiz has been taken 105 times
  • The average score is 42 of 70
Answer Stats
Acronym Song Title % Correct
WANEGBT We Are Never Ever Getting Back Together
94%
YNTCD You Need To Calm Down
93%
YOYOK You're On Your Own, Kid
89%
TTPD The Tortured Poets Department
88%
YBWM You Belong With Me
86%
LWYMMD Look What You Made Me Do
85%
MA&HBP Miss Americana & The Heartbreak Prince
84%
IKYWT I Knew You Were Trouble
81%
TLGAD the last great american dynasty
81%
ATW All Too Well
80%
ICDIWABH I Can Do It With A Broken Heart
79%
NBNC no body, no crime
79%
OOTW Out Of The Woods
78%
BTR Better Than Revenge
76%
WAOLOM Who's Afraid Of Little Old Me
76%
CIWYW Call It What You Want
75%
MBOBHFT My Boy Only Breaks His Favorite Toys
74%
DBATC Death By A Thousand Cuts
73%
TIWWCHNT This Is Why We Can't Have Nice Things
73%
COSOSOM Chloe Or Sam Or Sophia Or Marcus
71%
HYGTG How You Get The Girl
70%
RWYLM right where you left me
70%
KOMH King Of My Heart
69%
IBYTAM I Bet You Think About Me
68%
IDSB I Did Something Bad
68%
TSMWEL The Smallest Man Who Ever Lived
66%
TSOU The Story Of Us
66%
WTNY Welcome To New York
66%
WCS Would've, Could've, Should've
65%
AYHTDWS All You Had To Do Was Stay
64%
BTD Back To December
64%
DWOHT Dancing With Our Hands Tied
64%
ICSY I Can See You
64%
ITHK I Think He Knows
64%
IFTYE I Forgot That You Existed
63%
TWILY The Way I Loved You
63%
IOMWIWY I'm Only Me When I'm With You
61%
YAIL You Are In Love
59%
IWYW I Wish You Would
58%
TOSOTD The Other Side Of The Door
55%
TVFN The Very First Night
55%
BDILH But Daddy I Love Him
54%
WEFIL When Emma Falls In Love
54%
HDIE How Did It End?
51%
IION Is It Over Now?
51%
MTR my tears ricochet
51%
INTHAF It's Nice To Have A Friend
50%
TIMT this is me trying
50%
APITW A Place In This World
49%
PTB Picture To Burn
49%
NTWDT Now That We Don't Talk
48%
TTDS 'tis the damn season
48%
BTTWS Bigger Than The Whole Sky
46%
CBBH Come Back...Be Here
46%
SOTB Snow On The Beach
46%
NGU Never Grow Up
45%
SIO Shake It Off
45%
GAS Guilty As Sin?
43%
ILIPW I Look In People's Windows
43%
EHC Everything Has Changed
41%
ITTG it's time to go
41%
TMIK The Moment I Knew
41%
FOTS Fresh Out The Slammer
40%
MIAB Message In A Bottle
39%
TOMG Teardrops On My Guitar
39%
TTWAS Tied Together With A Smile
39%
SBT Sad Beautiful Tragic
36%
YLM You're Losing Me
34%
SOG State Of Grace
33%
CLM cowboy like me
28%
No matching quizzes found
Score Distribution
Percent of People with Each Score
Percentile by Number Answered
Your Score History
You have not taken this quiz